El Centro de la noche /
Guardat en:
| Autor principal: | |
|---|---|
| Format: | Desconegut |
| Idioma: | Spanish |
| Publicat: |
San José, Costa Rica :
EDUCA,
1977.
|
| Col·lecció: | (Colección Septimo día)
|
| Matèries: | |
| Etiquetes: |
Afegir etiqueta
Sense etiquetes, Sigues el primer a etiquetar aquest registre!
|
MARC
| LEADER | 000000000a22000000004500 | ||
|---|---|---|---|
| 001 | 003695 | ||
| 041 | 0 | |a spa | |
| 082 | 0 | 4 | |a P863.4 |b P692c |
| 100 | 1 | |a Lidio Pitty, Dimas | |
| 245 | 1 | 3 | |a El Centro de la noche / |c Dimas Lidio Pitty. |
| 260 | 1 | |a San José, Costa Rica : |b EDUCA, |c 1977. | |
| 300 | |a 127 páginas ; |c 17 cm. | ||
| 490 | |a (Colección Septimo día) | ||
| 650 | 4 | |a LITERATURA PANAMEÑA | |
| 650 | 4 | |a NOVELA | |
| 999 | |c 10163 |d 10163 | ||
| 942 | |c BK |h P863.4 P692c |2 z | ||
